Widok standardowy
Widok MARC
Pozycja Corporate Name
Liczba rekordów, w których użyto hasła: 1
001 - Numer kontrolny
- control field: 40622
003 - Identyfikator numeru kontrolnego
- control field: NUKAT
005 - Data i czas ostatniej modyfikacji
- control field: 20260427105128.0
008 - Dane kontrolne kodowane (40 znaków)
- fixed length control field: 100705n||a|znnaabn |a ana |c
010 ## - Numer kontrolny Biblioteki Kongresu
- numer kontrolny LC: n 2010064340
040 ## - Instytucja sporządzająca rekord
- inst. przygot. dane do rek. khw: WR O/IS
- język haseł przedmiotowych/tezaurus: kaba
- inst. wprow. rek. khw: WR O/ISs
110 1# - Hasło - nazwa ciała zbiorowego
- nazwa ciała zbior. lub geogr. na pocz.: Polska.
- nazwa jednostki podrzędnej: Armia Krajowa.
- nazwa jednostki podrzędnej: Obwód Łańcut.
410 2# - Trop zob. - nazwa ciała zbiorowego
- nazwa ciała zbior. lub geogr. na pocz.: Armia Krajowa.
- nazwa jednostki podrzędnej: Obwód Łańcut.
410 2# - Trop zob. - nazwa ciała zbiorowego
- nazwa ciała zbior. lub geogr. na pocz.: Obwód Łańcut AK.
510 1# - Trop zob. też - nazwa ciała zbiorowego
- podpole kontrolne: a
- nazwa ciała zbior. lub geogr. na pocz.: Polska.
- nazwa jednostki podrzędnej: Związek Walki Zbrojnej.
- nazwa jednostki podrzędnej: Obwód Łańcut.
665 ## - Nota historyczna
- nota historyczna: Obwód Łańcut powstał w 1940 roku. Od 1942: Obwód Łańcut Armii Krajowej. Kryptonimy: "Łukasz", "Łabędź", Łozina", "Łowy", "Łucjan", IV/13.
670 ## - Źródło informacji
- źródło informacji: Nasza jest noc... / Jerzy Pelc-Piastowski. - Katowice, 2010.